[Event "Helsinki"]
[Site "Helsinki"]
[Date "1981.??.??"]
[Round "10"]
[White "Schmidt, Wlodzimierz"]
[Black "Karlsson, Lars"]
[Result "1/2-1/2"]
[WhiteElo "2495"]
[BlackElo "2465"]

1.d4 Nf6 2.c4 e6 3.Nf3 c5 4.d5 exd5 5.cxd5 d6 6.Nc3 g6 7.e4 Bg7 8.Be2 O-O
9.O-O Re8 10.Nd2 b6 11.f3 a6 12.a4 Nbd7 13.Nc4 Ne5 14.Ne3 Rb8 15.Rb1 Qc7
16.Bd2 c4 17.Kh1 b5 18.axb5 axb5 19.b4 Bd7 20.Qc2 Ra8 21.Ra1 Qb7 22.Rxa8 Qxa8
23.f4 Neg4 24.Bxg4 Nxg4 25.Nxg4 Bxg4 26.f5 Qd8 27.Qc1 Qh4 28.Bg5 Qh5 29.f6 Bf8
30.Re1 Bd7 31.Rf1 h6 32.Bf4 g5 33.Bg3 Ra8 34.Bf2 Qg6 35.Be3 Kh7 36.Kg1 g4
37.Bd4 h5 38.Qe3 Kg8 39.Qg3 Ra3 40.Qf4 Qh6 41.Qf2 Qg6 42.Rd1 Bh6 43.Qg3 Bf8
44.Qf2 Qg5 45.Be3 g3 46.hxg3 Qg4 47.Rc1 Rb3 48.Bf4 Rxb4 49.Qb6 Rb2 50.Nd1 Re2
51.Nc3 Rb2 52.Nd1 Re2  1/2-1/2

[Event "Lone Pine op"]
[Site "Lone Pine"]
[Date "1981.??.??"]
[Round "?"]
[White "Ivkov, Borislav"]
[Black "Grefe, John A"]
[Result "1/2-1/2"]
[WhiteElo "2540"]
[BlackElo "2410"]

1.d4 Nf6 2.c4 c5 3.d5 e6 4.Nc3 exd5 5.cxd5 d6 6.Nf3 g6 7.e4 Bg7 8.Be2 O-O
9.O-O Bg4 10.Bf4 Qb6 11.Rb1 Nbd7 12.h3 Bxf3 13.Bxf3 Rfe8 14.b3 a6 15.a4 Rac8
16.Qc2 Qc7 17.Be2 Re7 18.g4 Rce8 19.f3 Ne5 20.Bg3 c4 21.Nd1 cxb3 22.Qxc7 Rxc7
23.Rxb3 Nfd7 24.Ne3 Nc5 25.Ra3 Bh6 26.g5 Bxg5 27.f4 Nxe4 28.Be1 Bf6 29.fxe5 Bxe5
30.Kg2 Nc3 31.Bf3 Bg7 32.Bd2 b5 33.axb5 axb5 34.Rb3 Rc5 35.Rc1 Rec8 36.Bxc3 Bxc3
37.Nd1 b4 38.Nxc3 Rxc3 39.Rbxc3 bxc3 40.Kf2 f5 41.Ke3 Kf7 42.Kd4 Kf6 43.Be2 g5
44.Bc4 Re8 45.Bd3 Rc8 46.Bc4 Re8 47.Bd3 Rc8 48.Rc2 h5 49.Re2 g4 50.Rf2 g3
51.Rxf5+ Kg7 52.Bc2 h4 53.Rf4 Rg8 54.Be4 Rc8 55.Rf1 c2 56.Rc1 Kf6 57.Ke3 Ke5
58.Bxc2 Rc5 59.Kf3 Rc3+ 60.Ke2 g2 61.Kf2 Rxh3 62.Kxg2 Rg3+ 63.Kf2 Kxd5 64.Rh1 Rg4
65.Kf3 Rd4 66.Re1 Kc5 67.Bf5 d5 68.Re8 Ra4 69.Rh8 Ra3+ 70.Kf4 Ra1 71.Bg4 Ra4+
72.Kf5 d4 73.Rxh4 d3 74.Rh8  1/2-1/2

[Event "Lone Pine op"]
[Site "Lone Pine"]
[Date "1981.??.??"]
[Round "?"]
[White "Youngworth, Perry"]
[Black "Arnason, Jon L"]
[Result "0-1"]
[WhiteElo "2295"]
[BlackElo "2450"]

1.d4 Nf6 2.c4 c5 3.d5 e6 4.Nc3 exd5 5.cxd5 d6 6.Nf3 g6 7.g3 Bg7 8.Bg2 O-O
9.O-O Re8 10.Nd2 a6 11.a4 Nbd7 12.h3 Nh5 13.e4 Ne5 14.Qc2 f5 15.exf5 gxf5
16.Qd1 Nf6 17.Nf3 Ng6 18.Ng5 Rb8 19.Re1 Rxe1+ 20.Qxe1 Ne5 21.f4 Nd3 22.Qe2 c4
23.Ne6 Qe7 24.g4 b5 25.axb5 axb5 26.Be3 Bxe6 27.dxe6 Qxe6 28.g5 Ne4 29.Nxe4 fxe4
30.Ra7 d5 31.Qh5 Qg6 32.Qg4 d4 33.f5 Qb6 34.Rxg7+ Kxg7 35.f6+ Kh8 36.Qd7 Qb7
37.Qxd4 Qf7 38.Bxe4 Nb4 39.Qd6 Re8 40.Bf5 Rxe3 41.Qxb4 Rg3+ 42.Kh2 Rxg5 43.Qxb5 Qxf6
44.Qb8+ Rg8 45.Qb5 Qd4 46.Bg4 Qf4+ 47.Kh1 Rb8 48.Qc5 Qf1+ 49.Kh2 Rxb2+ 50.Kg3 Rg2+  0-1

[Event "POL-chT"]
[Site "Lubniewice"]
[Date "1981.??.??"]
[Round "2"]
[White "Hawelko, Marek"]
[Black "Rosiak, Andrzej"]
[Result "1/2-1/2"]
[WhiteElo "2345"]
[BlackElo "2295"]

1.d4 Nf6 2.c4 c5 3.d5 e6 4.Nc3 exd5 5.cxd5 d6 6.Nf3 g6 7.Bf4 a6 8.a4 Bg7
9.e4 O-O 10.Be2 Bg4 11.O-O Bxf3 12.Bxf3 Ne8 13.Be2 Nd7 14.Qc2 b6 15.Bg3 Qe7
16.f4 f6 17.Bc4 Nc7 18.Rab1 Kh8 19.Rfe1 Rfb8 20.Qe2 g5 21.f5 Ne5 22.b4 Nxc4
23.Qxc4 h5 24.bxc5 bxc5 25.h4 g4 26.Rb3 a5 27.Rxb8+ Rxb8 28.Nb5 Nxb5 29.axb5 Bf8
30.Ra1 Qc7 31.Be1 Ra8 32.Qa4 c4 33.Bf2 Rb8 34.b6 Rxb6 35.Bxb6 Qxb6+ 36.Kf1 Qd4
37.Re1 Qd3+ 38.Re2 Qb1+ 39.Re1 Qd3+ 40.Re2 Qb1+ 41.Kf2 Qb6+ 42.Kf1 Qb1+ 43.Kf2 Qb6+  1/2-1/2

[Event "Moscow-ch"]
[Site "Moscow"]
[Date "1981.??.??"]
[Round "11"]
[White "Antoshin, Vladimir S"]
[Black "Gorelov, Sergey G"]
[Result "0-1"]
[WhiteElo "2470"]
[BlackElo "2415"]

1.d4 Nf6 2.c4 c5 3.d5 e6 4.Nc3 exd5 5.cxd5 d6 6.Nf3 g6 7.Bg5 Bg7 8.e3 h6
9.Bh4 g5 10.Bg3 Nh5 11.Bb5+ Kf8 12.Bd3 Nxg3 13.hxg3 Nd7 14.Qc2 Qe7 15.Bf5 Qe8
16.Nd2 b5 17.a4 b4 18.Nd1 Ba6 19.Bd3 b3 20.Qb1 Bb7 21.Be4 Ne5 22.Qc1 Bxd5
23.Bf5 Bxg2 24.Rg1 Bd5 25.e4 Be6 26.Ne3 h5 27.Ndc4 Bxc4 28.Nxc4 Nf3+ 29.Kf1 Nxg1
30.Kxg1 Bd4 31.Qd1 Rh6  0-1

[Event "Nis"]
[Site "Nis"]
[Date "1981.??.??"]
[Round "10"]
[White "Sinadinovic, Andjelko"]
[Black "Karlsson, Lars"]
[Result "0-1"]
[WhiteElo "2200"]
[BlackElo "2460"]

1.d4 Nf6 2.c4 e6 3.Nf3 c5 4.d5 exd5 5.cxd5 d6 6.Nc3 g6 7.Bg5 h6 8.Bh4 g5
9.Bg3 Nh5 10.Qa4+ Qd7 11.Nb5 Kd8 12.Nd2 Na6 13.e4 Nxg3 14.hxg3 Bg7 15.Qc2 Nc7
16.Nc3 Qe7 17.Be2 b5 18.a4 b4 19.Nd1 f5 20.exf5 Bxf5 21.Ne3 Bd7 22.g4 Ne8
23.Kf1 Rf8 24.Re1 Kc7 25.Bb5 Qf6 26.Re2 Qxb2 27.Qxb2 Bxb2 28.Bxd7 Kxd7 29.Nf5 Be5
30.Nc4 Nf6 31.Rxh6 Rae8 32.Rg6 Kc7 33.Rg7+ Nd7 34.Rxg5 b3 35.Ng7 Bxg7 36.Rxg7 Rxe2
37.Kxe2 Rf4 38.Nd2 b2 39.Re7 Rxg4 40.g3 Rxa4 41.Re3 c4 42.Kd1 Nf6 43.Kc2 Nxd5
44.Re4 c3  0-1

[Event "Pernik"]
[Site "Pernik"]
[Date "1981.??.??"]
[Round "8"]
[White "Simic, Radoslav"]
[Black "Kelecevic, Nedeljko"]
[Result "1-0"]
[WhiteElo "2440"]
[BlackElo "2400"]

1.d4 Nf6 2.c4 e6 3.Nf3 c5 4.d5 exd5 5.cxd5 d6 6.Nc3 g6 7.e4 Bg7 8.Be2 O-O
9.Nd2 Re8 10.O-O Na6 11.Kh1 Nc7 12.a4 b6 13.f3 h6 14.Nc4 Ba6 15.Rb1 Bxc4
16.Bxc4 a6 17.Be3 Qd7 18.Qd2 Kh7 19.b4 b5 20.Bd3 c4 21.Bc2 Qe7 22.Bb6 Rab8
23.a5 Rbc8 24.f4 Na8 25.Bg1 Nh5 26.g4 Nf6 27.h3 Nd7 28.Kg2 Qf6 29.Rf3 Qd8
30.Bf2 Kg8 31.Bg3 Nf8 32.Re1 f6 33.Kf1 g5 34.f5 Nd7 35.Bxd6 Bf8 36.e5 Bxd6
37.exd6 Rxe1+ 38.Kxe1 Ne5 39.Re3 Qxd6 40.Ne4 Qf8 41.d6 Rd8 42.Qd5+ Kg7 43.Nxf6 Qxf6
44.Qxe5 Qxe5 45.Rxe5 Rxd6 46.Re7+ Kf6 47.Ra7 Rd8 48.Ke2 Ke5 49.Ke3 Rc8 50.Re7+ Kf6
51.Re6+ Kf7 52.Rxh6 Nc7 53.Be4  1-0

[Event "Riga"]
[Site "Riga"]
[Date "1981.??.??"]
[Round "12"]
[White "Petrosian, Arshak B"]
[Black "Ermenkov, Evgenij"]
[Result "1-0"]
[WhiteElo "2495"]
[BlackElo "2490"]

1.d4 Nf6 2.c4 e6 3.Nf3 c5 4.d5 exd5 5.cxd5 d6 6.Nc3 g6 7.Nd2 Bg7 8.Nc4 O-O
9.Bf4 Na6 10.e3 Ne8 11.Qd2 f5 12.Nb5 g5 13.Bxd6 Nxd6 14.Ncxd6 f4 15.Nxc8 fxe3
16.fxe3 Qxc8 17.O-O-O c4 18.Kb1 Qc5 19.Nc3 b5 20.d6 Kh8 21.d7 Rad8 22.g4 b4
23.Ne4 Qe5 24.Qd4 Rxd7 25.Qxe5 Rxd1+ 26.Kc2 Bxe5 27.Kxd1 Rc8 28.Kc1 Nc5 29.Nxg5 Kg7
30.Nf3 Nd3+ 31.Bxd3 cxd3+ 32.Kb1 Bf6 33.g5 Be7 34.Rd1 Rd8 35.Nd4 Re8 36.h4 Bc5
37.Rxd3 Kg6 38.Kc2 Re4 39.Nb3 Bxe3 40.Rd6+ Kf5 41.Rh6 Re7 42.Kd3 Bf4 43.Nd4+ Kg4
44.Nc6 Rd7+ 45.Ke4 Bg3 46.g6 hxg6 47.Rxg6+ Kxh4 48.Nxb4 Re7+ 49.Kd5 Re2 50.Nd3 Bc7
51.a4 Rd2 52.Kc4 Kh5 53.Ra6 Bb6 54.a5 Bg1 55.b4 Rc2+ 56.Kb5 Rc7 57.Nf4+ Kg4
58.Nd5 Rg7 59.Rf6 Kg3 60.Ka6 Bd4 61.Re6 Rd7 62.Ne7 Kf4 63.b5 Bc5 64.Nc6 Rf7
65.Re5 Be3 66.Re7 Rf6 67.Rxe3 Kxe3 68.Kxa7 Rf7+ 69.Kb6 Rf8 70.a6 Kd3 71.a7 Kc4
72.Nb8 Rf6+ 73.Kc7 Rf7+ 74.Nd7 Kxb5  1-0

[Event "Tuzla"]
[Site "Tuzla"]
[Date "1981.??.??"]
[Round "3"]
[White "Schussler, Harry"]
[Black "Suba, Mihai"]
[Result "1/2-1/2"]
[WhiteElo "2495"]
[BlackElo "2500"]

1.d4 Nf6 2.c4 e6 3.Nf3 c5 4.d5 exd5 5.cxd5 d6 6.Nc3 g6 7.Bf4 a6 8.a4 Bg7
9.e4 Bg4 10.Be2 O-O 11.O-O Re8 12.Qc2 Qc7 13.a5 Nbd7 14.Ra4 Re7 15.h3 Bxf3
16.Bxf3 Rae8 17.b3  1/2-1/2

[Event "Tuzla"]
[Site "Tuzla"]
[Date "1981.??.??"]
[Round "9"]
[White "Vukic, Milan"]
[Black "Suba, Mihai"]
[Result "1/2-1/2"]
[WhiteElo "2485"]
[BlackElo "2500"]

1.d4 Nf6 2.c4 e6 3.Nf3 c5 4.d5 exd5 5.cxd5 d6 6.Nc3 g6 7.Bf4 a6 8.a4 Bg7
9.e4 Bg4 10.Be2 O-O 11.O-O Re8 12.Nd2 Bxe2 13.Qxe2 Nh5 14.Be3 Nd7 15.g4 Nhf6
16.f3 Qc7 17.Kh1 h6 18.a5 b5 19.axb6 Nxb6 20.Ra3 a5 21.Rfa1 h5 22.g5 Nfd7
23.R1a2 a4 24.Kg2 Ra5 25.Nxa4 Rxa4 26.Rxa4 Nxa4 27.Rxa4  1/2-1/2

[Event "Tuzla"]
[Site "Tuzla"]
[Date "1981.??.??"]
[Round "11"]
[White "Vukic, Milan"]
[Black "Stoica, Valentin"]
[Result "1/2-1/2"]
[WhiteElo "2485"]
[BlackElo "2415"]

1.d4 Nf6 2.c4 e6 3.Nf3 c5 4.d5 exd5 5.cxd5 d6 6.Nc3 g6 7.e4 Bg7 8.Bg5 h6
9.Bh4 a6 10.Nd2 b5 11.Be2 O-O 12.O-O Nbd7 13.Qc2 Rb8 14.Rae1 c4 15.f4 Qc7
16.Kh1 Nc5 17.Nd1 Re8 18.Nf2 Bd7 19.Bf3 Rec8 20.Rc1 Qa5 21.a3  1/2-1/2

[Event "URS-FL49"]
[Site "Volgodonsk"]
[Date "1981.??.??"]
[Round "17"]
[White "Vladimirov, Evgeny"]
[Black "Anikaev, Yuri N"]
[Result "1-0"]
[WhiteElo "2460"]
[BlackElo "2425"]

1.d4 Nf6 2.c4 c5 3.d5 e6 4.Nc3 exd5 5.cxd5 d6 6.Nf3 g6 7.Nd2 Nbd7 8.e4 Bg7
9.Be2 O-O 10.O-O Re8 11.a4 Ne5 12.Ra3 a6 13.Re1 Nh5 14.Nf1 Qh4 15.g3 Qd8
16.g4 Nf6 17.g5 Nh5 18.f4 Nd7 19.Bxh5 gxh5 20.Qxh5 c4 21.Be3 Qa5 22.Ng3 Nc5
23.f5 Nd3 24.Rf1 Qd8 25.Nd1 Rb8 26.f6 Bf8 27.Bd4 Re5 28.Ne3 Qe8 29.Nxc4 Rxe4
30.Rxd3 b5 31.Re3  1-0

[Event "Vrnjacka Banja"]
[Site "Vrnjacka Banja"]
[Date "1981.??.??"]
[Round "14"]
[White "Schmidt, Wlodzimierz"]
[Black "Karlsson, Lars"]
[Result "0-1"]
[WhiteElo "2495"]
[BlackElo "2465"]

1.d4 Nf6 2.c4 e6 3.Nf3 c5 4.d5 exd5 5.cxd5 d6 6.Nc3 g6 7.e4 Bg7 8.Be2 O-O
9.O-O Re8 10.Nd2 Nbd7 11.a4 a6 12.f4 c4 13.e5 dxe5 14.Nxc4 exf4 15.Bxf4 Nc5
16.a5 Nfe4 17.Nxe4 Nxe4 18.Bf3 Bf5 19.Nb6 Bxb2 20.Nxa8 Qxa8 21.Bxe4 Rxe4
22.Ra2 Bc3 23.Bc7 Qe8 24.d6 Bg4 25.Qc1 Bb4 26.Raf2 Be2 27.Rxf7 Bxf1 28.Rxf1 Rd4
29.Rd1 Qc6 30.Qb1 Qd5 31.Rf1 Rd2  0-1

[Event "Yerevan"]
[Site "Yerevan"]
[Date "1981.??.??"]
[Round "9"]
[White "Muratov, Vladimir A"]
[Black "Klovsky, Rafail"]
[Result "0-1"]
[WhiteElo "2415"]
[BlackElo "2200"]

1.d4 Nf6 2.c4 e6 3.Nf3 c5 4.d5 exd5 5.cxd5 d6 6.Nc3 g6 7.e4 Bg7 8.Bd3 O-O
9.O-O Bg4 10.h3 Bxf3 11.Qxf3 Nbd7 12.Qg3 Nh5 13.Qh2 Re8 14.g4 Be5 15.f4 Bd4+
16.Kh1 Nhf6 17.Qg2 c4 18.Bc2 Bxc3 19.bxc3 Nc5 20.Be3 Nfxe4 21.Bd4 Qh4 22.Kh2 Nd3
23.Bxd3 cxd3 24.Rf3 Nxc3 25.Rxd3 Re2 26.Rxc3 Rxg2+ 27.Kxg2 f5 28.Rb1 b6 29.Rc7 fxg4
30.Rb3 Re8 31.hxg4 Qxg4+ 32.Rg3 Qe2+ 33.Bf2 Qxa2 34.Rh3 Qxd5+ 35.Kg3 Qd3+
36.Kg2 Qe4+ 37.Kg3 Re7 38.Rc8+ Re8 39.Rc7 h5 40.Rxa7 Rf8 41.Rh4 g5 42.Rxh5 Qxf4+
43.Kh3 Qf3+ 44.Bg3 Qxh5+  0-1

[Event "FRG Hochschul-ch"]
[Site "Aachen"]
[Date "1982.??.??"]
[Round "2.1"]
[White "Heimerl, Lothar"]
[Black "Grzesik, Thomas"]
[Result "1/2-1/2"]
[WhiteElo "2215"]
[BlackElo "2310"]

1.d4 Nf6 2.c4 c5 3.d5 e6 4.Nc3 exd5 5.cxd5 d6 6.Nf3 g6 7.Bf4 a6 8.a4 Bg7
9.e4 O-O 10.Be2 Bg4 11.O-O Re8 12.Nd2 Bxe2 13.Qxe2 Nh5 14.Be3 Nd7 15.g4 Nhf6
16.h3 Qc7 17.a5 h6 18.Rfc1 Rac8 19.f3 Ne5 20.Ra4 g5 21.Nf1 Ng6 22.Ng3 Nh4
23.Nf5 Nxf5 24.gxf5 Qe7 25.h4 Nh7 26.Qg2 Kh8 27.hxg5 hxg5 28.Kf2 Be5 29.Rh1 Rg8
30.Raa1 Rg7 31.Rh6 f6 32.Rah1 Rc7 33.Qh3 Qd8 34.Qh5 Rcf7 35.Rg6 Qxa5 36.Rxg7 Rxg7
37.Qe8+ Rg8 38.Qf7 Rg7  1/2-1/2

[Event "Baile Herculane zt"]
[Site "Baile Herculane"]
[Date "1982.??.??"]
[Round "3"]
[White "Meduna, Eduard"]
[Black "Sax, Gyula"]
[Result "1/2-1/2"]
[WhiteElo "2490"]
[BlackElo "2550"]

1.d4 Nf6 2.c4 c5 3.d5 e6 4.Nc3 exd5 5.cxd5 d6 6.Nf3 g6 7.Nd2 Nbd7 8.e4 Bg7
9.Be2 O-O 10.O-O Re8 11.f4 c4 12.Kh1 Nc5 13.e5 dxe5 14.Nxc4 e4 15.Be3 Nd3
16.Bxd3 exd3 17.Qxd3 Bf5 18.Qd2 Rc8 19.Ne5 Ne4 20.Qd4 f6 21.Nf3 b6 22.Rac1 Bf8
23.Nxe4 Rxe4 24.Qd2 Rxc1 25.Rxc1 Bb4 26.Qd3 Bc5 27.Bxc5 Re1+ 28.Rxe1 Bxd3
29.Ba3 Qxd5 30.Re8+ Kg7 31.Re7+ Kh6 32.h3 g5 33.fxg5+ Kg6 34.gxf6 Kxf6 35.Rxa7 Be4
36.Be7+ Ke6 37.Ng5+ Kf5 38.Nxe4  1/2-1/2

[Event "Baile Herculane zt"]
[Site "Baile Herculane"]
[Date "1982.??.??"]
[Round "4"]
[White "Lukacs, Peter"]
[Black "Sax, Gyula"]
[Result "1/2-1/2"]
[WhiteElo "2470"]
[BlackElo "2550"]

1.d4 Nf6 2.c4 c5 3.d5 e6 4.Nc3 exd5 5.cxd5 d6 6.Nf3 g6 7.Bf4 a6 8.a4 Bg7
9.e4 O-O 10.Nd2 Nh5 11.Be3 Qf6  1/2-1/2

[Event "Baile Herculane zt"]
[Site "Baile Herculane"]
[Date "1982.??.??"]
[Round "10"]
[White "Gheorghiu, Florin"]
[Black "Suba, Mihai"]
[Result "1/2-1/2"]
[WhiteElo "2550"]
[BlackElo "2500"]

1.d4 Nf6 2.c4 e6 3.Nf3 c5 4.d5 exd5 5.cxd5 d6 6.Nc3 g6 7.Nd2 Nbd7 8.e4 Bg7
9.Be2 O-O 10.O-O Re8 11.a4 g5  1/2-1/2

[Event "Brighton"]
[Site "Brighton"]
[Date "1982.??.??"]
[Round "?"]
[White "Shamkovich, Leonid"]
[Black "Arnason, Jon L"]
[Result "1-0"]
[WhiteElo "2470"]
[BlackElo "2445"]

1.d4 Nf6 2.c4 e6 3.Nf3 c5 4.d5 exd5 5.cxd5 d6 6.Nc3 g6 7.Bf4 a6 8.a4 Bg7
9.e4 O-O 10.Nd2 Nh5 11.Be3 Nd7 12.Be2 Ne5 13.O-O Qh4 14.Nf3 Nxf3+ 15.Bxf3 f5
16.g3 Qe7 17.exf5 Rxf5 18.Re1 Re5 19.Bd2 Nf6 20.Rxe5 Qxe5 21.Qe1 Qf5 22.Bg2 Bd7
23.Qb1 Qh5 24.Qd1 Bg4 25.Qb3 Rf8 26.Bf4 Bh3 27.f3 g5 28.Bxd6 Ng4 29.Bxc5 Nxh2
30.d6+ Kh8 31.Ne4 Bxg2 32.Kxg2 g4 33.fxg4 Nxg4 34.Rh1 Qf5 35.Qd3 Ne5 36.Qe2 Nd7
37.Rf1 Qd5 38.Rxf8+ Bxf8 39.Qf3 Bg7 40.b4 a5 41.Nf2 Qxf3+ 42.Kxf3 Kg8 43.Ke4 Kf7
44.Nd3 b6 45.Kd5 bxc5 46.bxc5 Bf8 47.Kc6 Nf6 48.d7 Be7 49.Kc7 Nd5+ 50.Kb7 Bd8
51.Kc8 Ke7 52.Ne5 Bc7 53.Nc6+ Ke6 54.d8=Q Bxd8 55.Kxd8 Nc3 56.Nxa5 Nxa4 57.c6 Kd5
58.c7 Nb6 59.g4 h6 60.Nb3 Kc4 61.Nc1  1-0

[Event "HUN-ch"]
[Site "Budapest"]
[Date "1982.??.??"]
[Round "?"]
[White "Lukacs, Peter"]
[Black "Horvath, Tamas"]
[Result "0-1"]
[WhiteElo "2470"]
[BlackElo "2400"]

1.d4 Nf6 2.c4 e6 3.Nf3 c5 4.d5 exd5 5.cxd5 d6 6.Nc3 g6 7.Bf4 a6 8.a4 Bg7
9.e4 O-O 10.Nd2 Nh5 11.Be3 Nd7 12.Be2 Ne5 13.O-O Qh4 14.f4 Ng4 15.Bxg4 Bxg4
16.Qe1 Qe7 17.Qf2 Rfd8 18.Rae1 b5 19.f5 Bf6 20.axb5 axb5 21.Nxb5 Rab8 22.Na3 Rxb2
23.Nac4 Rc2 24.Na5 Re8 25.Nc6 Qf8 26.h3 Rxe4 27.Nxe4 Rxf2 28.Bxf2 Bxf5 29.g4 Bxe4
30.Rxe4 Qh6 31.Be3 Bg5 32.gxh5 Bxe3+ 33.Kh2 f5 34.Re8+ Kf7 35.Re7+ Kf8 36.Rf3 Bf4+
37.Kg2 Qg5+ 38.Kf2 Bh2 39.Ke2 Qg2+ 40.Rf2 Qxd5 41.Rxh7 Qe4+  0-1

[Event "Elekes mem-B"]
[Site "Budapest"]
[Date "1982.??.??"]
[Round "?"]
[White "Horvath, Gyula"]
[Black "Mullner, Imre"]
[Result "0-1"]
[WhiteElo "2385"]
[BlackElo "2200"]

1.d4 Nf6 2.c4 e6 3.Nc3 c5 4.d5 exd5 5.cxd5 d6 6.Nf3 g6 7.Bg5 Bg7 8.Nd2 h6
9.Bh4 O-O 10.e3 Nbd7 11.Be2 a6 12.a4 b6 13.Nc4 Qc7 14.Bg3 Ne8 15.Ne4 Be5
16.Nxe5 dxe5 17.Nc3 f5 18.f3 Bb7 19.O-O Nd6 20.e4 f4 21.Bf2 c4 22.b3 b5 23.bxc4 bxc4
24.Qc2 Rfc8 25.g3 g5 26.gxf4 gxf4 27.Kh1 Kh7 28.Rg1 Rg8 29.Rxg8 Rxg8 30.Rc1 Qa5
31.Qb2 Rb8 32.Qa3 Qc7 33.Nb1 a5 34.Nd2 Ba6 35.Bxc4 Bxc4 36.Nxc4 Nxc4 37.Qe7+ Kh8
38.Bh4 Qd6 39.Rxc4 Qg6 40.Rc1 Rg8 41.Bg3 fxg3 42.Qxd7 Qg5 43.Rc3 Qd2 44.hxg3 Qxc3
45.Kg2 Qd2+ 46.Kh3 Qf2  0-1

[Event "HUN-ch"]
[Site "Budapest"]
[Date "1982.??.??"]
[Round "?"]
[White "Karsa, Laszlo"]
[Black "Szalanczy, Emil"]
[Result "1/2-1/2"]
[WhiteElo "2385"]
[BlackElo "2300"]

1.d4 Nf6 2.c4 c5 3.d5 e6 4.Nc3 exd5 5.cxd5 d6 6.Nf3 g6 7.Nd2 Nbd7 8.e4 Bg7
9.Be2 O-O 10.O-O Re8 11.f4 c4 12.Kh1 Nc5 13.e5 dxe5 14.fxe5 Rxe5 15.Nxc4 Rf5
16.Bf3 Ng4 17.Bxg4 Rxf1+ 18.Qxf1 Bxg4 19.Ne3 Bd7 20.Bd2 Qh4 21.Be1 Qe7 22.Bf2 Ne4
23.Nxe4 Qxe4 24.Rc1 Qf4 25.Rc4 Qd6 26.Bg3 Be5 27.Bxe5 Qxe5 28.Rc3 Re8 29.h3 h5
30.Qf2 a6 31.a3 Bb5 32.Qd2 Rd8 33.Qc2 Kg7 34.Qf2 Rd6 35.Rc8 Rf6 36.Qd2 Rf4
37.Qc3 Re4 38.Nc2 Bd7 39.Rc7 Ba4 40.d6 Qxc3 41.Rxc3 Re6 42.Rd3 Re8 43.Nb4 Rd8
44.Rd4 Bb5 45.Nd3 b6 46.a4 Bxd3 47.Rxd3 Rd7 48.Kg1 Kf6 49.Kf2 Ke6 50.Ke3 Rxd6
51.Rc3 a5 52.b4 axb4 53.Rb3 Kd5 54.Rxb4 Kc5 55.Rb5+ Kc6 56.Rb4 Rf6 57.Rb2 Rf5
58.g4 Rc5 59.Rf2 Rc3+ 60.Kd4 Rxh3 61.gxh5 gxh5 62.Rf6+ Kb7 63.Rxf7+ Ka6 64.Kc4 Rh1
65.Rh7 h4 66.Rh5 h3 67.Kb3 Kb7 68.Rh6 Kc7 69.Kb2 Kb7 70.Ka2 Rh2+ 71.Kb3 Ka7
72.Rh5 Ka6 73.Ka3 Kb7 74.Rh6 Kc7 75.Kb3  1/2-1/2

[Event "Elekes mem-B"]
[Site "Budapest"]
[Date "1982.??.??"]
[Round "?"]
[White "Schneider, Attila"]
[Black "Boensch, Uwe"]
[Result "1/2-1/2"]
[WhiteElo "2365"]
[BlackElo "2410"]

1.d4 Nf6 2.c4 e6 3.Nc3 c5 4.d5 exd5 5.cxd5 d6 6.Nf3 g6 7.Nd2 Nbd7 8.e4 Bg7
9.Be2 O-O 10.O-O Re8 11.a4 Ne5 12.Ra3 g5 13.Qc2 g4 14.b3 Nh5 15.Nc4 Qh4 16.Nb5 Nxc4
17.bxc4 Qe7 18.Bd3 Be5 19.Bb2 f6 20.Be2 Kh8 21.g3 Ng7 22.Bxe5  1/2-1/2

[Event "HUN-ch"]
[Site "Budapest"]
[Date "1982.??.??"]
[Round "?"]
[White "Szabolcsi, Janos"]
[Black "Horvath, Tamas"]
[Result "1/2-1/2"]
[WhiteElo "2245"]
[BlackElo "2400"]

1.d4 Nf6 2.c4 e6 3.Nf3 c5 4.d5 exd5 5.cxd5 d6 6.Nc3 g6 7.Bg5 Bg7 8.e3 a6
9.a4 h6 10.Bh4 g5 11.Bg3 Nh5 12.Bd3 Nxg3 13.hxg3 Nd7 14.Qc2 Rb8 15.a5 b5
16.axb6 Qxb6 17.Ra2 Qb4 18.O-O c4 19.Bf5 O-O 20.Nd4 Bxd4 21.exd4 Qb6 22.Qa4 Nf6
23.Bxc8 Rfxc8 24.Qxa6 Qd8 25.Re1 Ra8 26.Qb5 Rab8  1/2-1/2

[Event "Budapest"]
[Site "Budapest"]
[Date "1982.??.??"]
[Round "4"]
[White "Taimanov, Mark E"]
[Black "Glatt, Gabor"]
[Result "1-0"]
[WhiteElo "2510"]
[BlackElo "2375"]

1.d4 Nf6 2.c4 c5 3.d5 e6 4.Nc3 exd5 5.cxd5 d6 6.Nf3 g6 7.Bg5 Bg7 8.Nd2 h6
9.Bh4 g5 10.Bg3 Nh5 11.e3 Nxg3 12.hxg3 a6 13.a4 Nd7 14.Be2 Ne5 15.f4 Ng6
16.Nc4 O-O 17.Bd3 Qe7 18.Kf2 Bd7 19.Nb6 gxf4 20.gxf4 Rae8 21.Qd2 Bg4 22.a5 h5
23.Ne4 f5 24.Ng5 Bxb2 25.Rae1 Bf6 26.Ne6 Rf7 27.Rb1 Bh4+ 28.Kf1 Qf6 29.Qb2 Qxb2
30.Rxb2 Bf6 31.Rb3 Ne7 32.Kf2 Kh7 33.Bc4 Kg6 34.Nd7 Nxd5 35.Ndf8+ Rexf8 36.Nxf8+ Rxf8
37.Bxd5 c4 38.Bxc4 Rc8 39.Bd3 Rc5 40.Ra3 d5 41.Rb1 Rc7 42.Rb6 Kg7 43.Rab3 Bc3
44.Rxb7 Rxb7 45.Rxb7+ Kf6 46.Rb6+  1-0

[Event "Politiken Cup"]
[Site "Copenhagen"]
[Date "1982.??.??"]
[Round "4"]
[White "Wedberg, Tom"]
[Black "Jakobsen, Ole"]
[Result "1/2-1/2"]
[WhiteElo "2435"]
[BlackElo "2410"]

1.d4 Nf6 2.c4 e6 3.Nf3 c5 4.d5 exd5 5.cxd5 d6 6.Nc3 g6 7.Bg5 Bg7 8.Nd2 h6
9.Bh4 g5 10.Bg3 Nh5 11.Qa4+ Kf8 12.Qc2 Nxg3 13.hxg3 Nd7 14.Nc4 Ne5 15.Nxe5 Bxe5
16.e3 Bd7 17.a4 a6 18.f4 Bg7 19.Kf2 h5 20.Bd3 h4 21.Ne4 hxg3+ 22.Kxg3 gxf4+
23.exf4 Rg8 24.Kf3 Bd4 25.g3 f5 26.Ng5 Rxg5 27.fxg5 Qxg5 28.Qc1 Qg4+ 29.Kg2 Re8
30.Qh6+ Kf7 31.Qh7+ Bg7 32.Qh5+ Qxh5 33.Rxh5 Kg6 34.g4 Re3 35.Ra3 Rxd3 36.Rxd3 fxg4
37.Rh2 Bxb2 38.Rb3 Be5 39.Rxb7 Bxa4 40.Rh1 Bc2 41.Re1 Kf6 42.Rf1+ Kg6 43.Re1  1/2-1/2

[Event "Politiken Cup"]
[Site "Copenhagen"]
[Date "1982.??.??"]
[Round "9"]
[White "Fedder, Steen"]
[Black "Jakobsen, Ole"]
[Result "1/2-1/2"]
[WhiteElo "2420"]
[BlackElo "2410"]

1.d4 Nf6 2.c4 e6 3.Nf3 c5 4.d5 exd5 5.cxd5 d6 6.Nc3 g6 7.e4 Bg7 8.Bg5 a6
9.Nd2 b5 10.Be2 O-O 11.Qc2 Nbd7 12.a4 bxa4 13.O-O Re8 14.Rxa4 Nb6 15.Ra2 h6
16.Bh4 g5 17.Bg3 Nfxd5 18.exd5 Bxc3 19.bxc3 Rxe2 20.Qd1 Re8 21.Qf3 g4 22.Qd3 Qf6
23.f3 Bf5 24.Ne4 Qg6  1/2-1/2

[Event "CUB-ch"]
[Site "?"]
[Date "1982.??.??"]
[Round "1"]
[White "Rodriguez, Amador"]
[Black "Ortega, Lexy"]
[Result "1-0"]
[WhiteElo "2485"]
[BlackElo "2370"]

1.d4 Nf6 2.c4 e6 3.Nf3 c5 4.d5 exd5 5.cxd5 d6 6.Nc3 g6 7.Nd2 Nbd7 8.e4 Bg7
9.Be2 O-O 10.O-O Re8 11.a4 a6 12.Re1 Ne5 13.Nf1 b6 14.f4 Ned7 15.Bc4 Rb8
16.h3 b5 17.axb5 Nb6 18.Ba2 c4 19.bxa6 Bxa6 20.Bb1 Ra8 21.Be3 Nfd7 22.Bc2 Qb8
23.Ng3 Bb7 24.Rb1 Ra5 25.Qd2 Nc5 26.Nge2 Nbd7 27.Nd4 Ra6 28.b4 cxb3 29.Nxb3 Ra3
30.Nxc5 Bxc3 31.Qc1 Nxc5 32.Qxa3 Bxe1 33.Rxe1 Qc7 34.Qc3 Qe7 35.Bd2 Qh4 36.Qd4 f6
37.Rf1 Re7 38.Kh2 f5 39.exf5 gxf5 40.Bc3 Qh6 41.Bxf5 Nb3 42.Qh8+ Kf7 43.Be6+ Rxe6
44.dxe6+ Ke7 45.Re1  1-0

[Event "CUB-ch"]
[Site "?"]
[Date "1982.??.??"]
[Round "8"]
[White "Vilela, Jose Luis"]
[Black "Lebredo, Gerardo"]
[Result "1/2-1/2"]
[WhiteElo "2445"]
[BlackElo "2345"]

1.d4 Nf6 2.c4 e6 3.Nf3 c5 4.d5 exd5 5.cxd5 d6 6.Nc3 g6 7.e4 Bg7 8.Be2 O-O
9.O-O Bg4 10.h3 Bxf3 11.Bxf3 Nbd7 12.Qc2 Re8 13.Bd2 a6 14.a4 c4 15.Bf4 Nc5
16.Bg3 Qe7 17.Rfe1 Nd3 18.Re3 Nd7 19.Rb1 Bd4 20.Re2 Qf6 21.Rd2 N7c5 22.a5 Be5
23.Ne2 Nb3 24.Rxd3 cxd3 25.Qxd3 Nc5 26.Qc2 Bxg3 27.Nxg3 Qd8 28.b4 Nd7 29.Qd2 Rc8
30.Bg4 Rc7 31.Bxd7 Rxd7 32.Qh6 Qf6 33.Rc1 Qg7 34.Qd2 h5 35.f3 Kh7 36.Ne2 Qe5
37.Nd4 Qh8 38.Kh1 Rc8 39.Rd1 Qe5 40.b5 axb5 41.Nxb5 Rc4 42.Re1 Qg3 43.Rc1 Rxc1+
44.Qxc1 Qe5 45.Qc8 Qe7 46.a6 bxa6 47.Qxa6 h4 48.Qc6 f5 49.Kg1 fxe4 50.fxe4 Qg7
51.e5 dxe5 52.d6 Qf7  1/2-1/2

[Event "CSR-ch"]
[Site "Frenstat"]
[Date "1982.??.??"]
[Round "17"]
[White "Vokac, Marek"]
[Black "Sikora Lerch, Jan"]
[Result "0-1"]
[WhiteElo "2330"]
[BlackElo "2415"]

1.d4 c5 2.d5 Nf6 3.c4 e6 4.Nc3 exd5 5.cxd5 d6 6.Nf3 g6 7.g3 Bg7 8.Bg2 O-O
9.O-O Re8 10.Nd2 Nbd7 11.Nc4 Ne5 12.Nxe5 Rxe5 13.Bf4 Re8 14.Qd2 Ng4 15.a4 a6
16.Rab1 Rb8 17.b4 g5 18.Bxg5 Bxc3 19.Bxd8 Bxd2 20.Bc7 Ra8 21.bxc5 dxc5 22.d6 Nf6
23.g4 c4 24.h3 c3 25.g5 Ne4 26.Rb4 c2 27.Rc4 Nc3 28.e3 Be6 29.Rc5 Ne2+ 30.Kh2 c1=Q
31.Rfxc1 Nxc1 32.Bxb7 Nb3 33.Rc6 Ra7 34.Bxa6 Ba5 35.Bb5 Bxc7 36.dxc7 Rc8
37.Rd6 Raxc7 38.h4 Rc2 39.Kg3 Nd2 40.f3 Nc4  0-1

[Event "Gausdal Jubilee"]
[Site "Gausdal"]
[Date "1982.??.??"]
[Round "2"]
[White "Ogaard, Leif"]
[Black "Tisdall, Jonathan D"]
[Result "1/2-1/2"]
[WhiteElo "2485"]
[BlackElo "2410"]

1.d4 Nf6 2.c4 e6 3.Nc3 c5 4.d5 exd5 5.cxd5 d6 6.Nf3 g6 7.e4 Bg7 8.Be2 O-O
9.Bf4 a6 10.a4 Bg4 11.O-O Re8 12.Qc2 Nh5 13.Bg5 Qc7 14.h3 Bxf3 15.Bxf3 Nf6
16.a5 Nbd7 17.Be2 Rac8 18.Kh1 c4 19.Ra4 Nc5 20.Rxc4 Nfd7 21.Bg4 Ne5 22.Rxc5 Qxc5
23.Bxc8 Rxc8 24.Ra1 Nc4 25.Nd1 Qb4 26.Ne3 Qxb2 27.Rc1 b5 28.axb6 Qxc2 29.Rxc2 Nxb6
30.Rc6 Rxc6 31.dxc6 Kf8 32.Nd5 Nc8 33.Bd8 Ke8 34.Ba5 Na7 35.c7 Kd7 36.Kg1 Nc6
37.Bd2 Bd4 38.Kf1 a5 39.Ke2 a4  1/2-1/2